| 000 | 00371 a2200169 4500 | ||
|---|---|---|---|
| 001 | 14888 | ||
| 020 | _a9788532250650 | ||
| 040 | _cAnchieta - Aquarius | ||
| 100 | _aMiranda, Luiz de | ||
| 240 | 1 | 0 |
_aPoesia das capitais _lpor |
| 245 | 1 | 0 | _aPoesia das capitais |
| 300 | _a60 | ||
| 362 | 0 | _a2003 | |
| 440 | 1 | _aFTD | |
| 650 | 4 | _aLiteratura infanto-juvenil | |
| 942 | _cBK | ||
| 999 |
_c14888 _d14888 |
||